000 00341nam a2200133Ia 4500
008 231219s9999 xx 000 0 und d
041 _aeng
082 _a609
100 _aBerkun Scott
245 _aThe Myths of Innovation
260 _bShroff Publishers & Distributers Navi Mumbai Navi Mumbai
300 _a225
650 _aManagement
999 _c1001489
_d1001489